| 000 | 00668nam a22002297a 4500 | ||
|---|---|---|---|
| 003 | OSt | ||
| 005 | 20220107122848.0 | ||
| 008 | 190426b xxu||||| |||| 00| 0 eng d | ||
| 020 | _a9781119125259 | ||
| 040 | _cIIITMK | ||
| 082 | _a608 VOL/F | ||
| 100 |
_aVoldman, Steven H _915382 |
||
| 245 |
_aFrom invention to patent: _bA scientist and engineer's guide _cSteven H Voldman |
||
| 260 |
_aHoboken, _bWiley, _c2018. |
||
| 300 | _axxiv, 316p. | ||
| 650 |
_aINTELLECTUAL PROPERTY RIGHTS _916616 |
||
| 650 |
_aIPR _916617 |
||
| 650 |
_aPATENT PRACTICE _916618 |
||
| 650 |
_aINVENTIONS AND PATENTS _916619 |
||
| 650 |
_aSCIENCE AND TECHNOLOGY _916620 |
||
| 942 |
_2ddc _cBK |
||
| 999 |
_c6413 _d6413 |
||